Statystyki dla Hrabstwa Irlandii

Kliknij tutaj aby rozwiązać quiz!

Ogólne statystyki

  • Ten quiz został rozwiązany 276 razy
  • Średni wynik to 11 z 32

Odpowiedzi na mapie

Odpowiedzi skodowane kolorowo w zielono-czerwonej skali na mapie do tego quizu, zgodnie z poniższymi procentami.
 

Statystyki odpowiedzi

ProwincjaHrabstwo% Poprawnych
LeinsterDublin
98%
MunsterCork
90%
ConnachtGalway
67%
MunsterLimerick
57%
MunsterWaterford
52%
UlsterDerry /
Londonderry
47%
LeinsterWexford
47%
MunsterKerry
43%
LeinsterKilkenny
38%
ConnachtMayo
38%
UlsterDonegal
36%
ConnachtSligo
36%
MunsterClare
33%
LeinsterCarlow
31%
ConnachtRoscommon
31%
LeinsterLaois
30%
LeinsterLouth
30%
LeinsterMeath
30%
LeinsterWicklow
30%
LeinsterLongford
29%
MunsterTipperary
28%
UlsterDown
27%
LeinsterWestmeath
27%
UlsterAntrim
26%
LeinsterKildare
21%
UlsterMonaghan
21%
LeinsterOffaly
21%
UlsterArmagh
20%
ConnachtLeitrim
17%
UlsterFermanagh
15%
UlsterCavan
12%
UlsterTyrone
10%

Rozkład punktacji

Percentyl według liczby udzielonych odpowiedzi

Procent ludzi z każdym wynikiem

Twoja historia wyników

Nie rozwiązałeś tego quizu